Les vies des Pères des déssert d'Orient leur doctrine spirituelle et leur discipline monastique.

Detalles Bibliográficos
Autor principal: MARIN, Miguel Angel
Formato: Libro
Publicado: París 1869
Edición:2a ed.
Materias:
Colección:Banco de datos
Acervo:Biblioteca Nacional de Antropología e Historia. Fondo Conventual
Descripción Física:t. I
Tema general:Historia Eclesiástica
Notas:Buena. XIII,9,15. Al reverso de la anteportada dice: "París.-Imp. Adrien le Clere ..."
LEADER 00826nam a22002170004500
035 |a 12216 
036 |a 6821 
100 1 |a MARIN, Miguel Angel 
245 1 0 |a Les vies des Pères des déssert d'Orient leur doctrine spirituelle et leur discipline monastique.  |c adnot. Eugenio Vevillt 
250 |a 2a ed. 
260 |a París  |b Luis Vives  |c 1869 
300 |a t. I 
500 |a Buena. XIII,9,15. Al reverso de la anteportada dice: "París.-Imp. Adrien le Clere ..." 
650 1 0 |a Historia Eclesiástica 
949 |a B.N.A.H. 
959 |a Biblioteca Nacional de Antropología e Historia. Ciudad de México  |b CCC1 
960 |a Seminario de Morelia  |b DD56 
961 |a Casa de formación del Clero Secular  |b CS 
942 |c B.N.A.H. 
943 |g Biblioteca Nacional de Antropología e Historia. Fondo Conventual 
999 |c 1036748  |d 1036748